Norway : Selected Issues.

This Selected Issues paper analyzes core and idiosyncratic inflation in Norway. The paper provides estimates of underlying inflation, using a statistical technique to decompose inflation and a measure of core inflation into 'common' and 'idiosyncratic' components. It finds that o...

Fuld beskrivelse

Bibliografiske detaljer
Institution som forfatter: International Monetary Fund
Format: Tidsskrift
Sprog:English
Udgivet: Washington, D.C. : International Monetary Fund, 2007.
Serier:IMF Staff Country Reports; Country Report ; No. 2007/197
Online adgang:Full text available on IMF
LEADER 01592cas a2200241 a 4500
001 AALejournalIMF009357
008 230101c9999 xx r poo 0 0eng d
020 |c 5.00 USD 
020 |z 9781451829815 
022 |a 1934-7685 
040 |a BD-DhAAL  |c BD-DhAAL 
110 2 |a International Monetary Fund. 
245 1 0 |a Norway :   |b Selected Issues. 
264 1 |a Washington, D.C. :  |b International Monetary Fund,  |c 2007. 
300 |a 1 online resource (45 pages) 
490 1 |a IMF Staff Country Reports 
500 |a <strong>Off-Campus Access:</strong> No User ID or Password Required 
500 |a <strong>On-Campus Access:</strong> No User ID or Password Required 
506 |a Electronic access restricted to authorized BRAC University faculty, staff and students 
520 3 |a This Selected Issues paper analyzes core and idiosyncratic inflation in Norway. The paper provides estimates of underlying inflation, using a statistical technique to decompose inflation and a measure of core inflation into 'common' and 'idiosyncratic' components. It finds that overall inflation is not far from its underlying value, as estimated by the common component, while core inflation is below its underlying value. The paper also considers medium-term and long-term fiscal policy in light of high oil prices and the prospect of substantial increase in pension outlays. 
538 |a Mode of access: Internet 
830 0 |a IMF Staff Country Reports; Country Report ;  |v No. 2007/197 
856 4 0 |z Full text available on IMF  |u http://elibrary.imf.org/view/journals/002/2007/197/002.2007.issue-197-en.xml  |z IMF e-Library